000
00298nam a2200121Ia 4500
008
190216s9999||||xx |||||||||||||| ||und||
100
_a
Donald J Clough
245
0
_a
Concepts In Management Science
260
_b
Himalaya Publishing House
_c
1968
300
_a
425p
650
_a
Commerce
942
_c
BK
999
_c
4472
_d
4472